African Geography by Letter - P - Statistics

General Stats
  • This quiz has been taken 788 times
    709 since last reset
  • The average score is 12 of 20
Answer Stats
Hint Answer % Correct
South Africa's executive capital Pretoria
97%
Official language of Angola Portuguese
89%
Sudan has the most of these ancient structures Pyramids
88%
São Tomé counter-part Príncipe
85%
Crime for which Somalia became famous in the 21st century Piracy
81%
Capital of Cape Verde Praia
75%
Capital of Mauritius Port Louis
74%
Benin's de-jure capital Porto-Novo
74%
Unusually short people facing extreme discrimination Pygmies
63%
Historical name of Liberia or type of spice {Pepper} Coast
62%
South African city with initials PE Port Elizabeth
59%
Far South African island or a Canadian province Prince Edward Island
55%
Sudanese port Port Sudan
44%
Egyptian city north of Suez Canal Port Said
43%
Sudanese currency Pound
43%
Capital of the Nigerian oil industry Port Harcourt
38%
Namibian island chain named for the birds that inhabit them Penguin Islands
36%
Type of English spoken in Nigeria Pidgin
32%
Uganda's nickname {Pearl} of Africa
31%
Ancient kingdom in northern Somalia Land of {Punt}
17%
No matching quizzes found
Score Distribution
Percent of People with Each Score
Percentile by Number Answered
Your Score History
You have not taken this quiz since the last reset